[Event "Xtracon Skakligaen"]
[Site "Denmark"]
[Date "2015.12.06"]
[Round "3.8"]
[White "Skovgaard, Peter Nicolai"]
[Black "Rendboe, John Filip"]
[Result "1/2-1/2"]
[WhiteElo "2317"]
[BlackElo "2181"]
[PlyCount "211"]
[EventDate "2015.10.31"]
[EventType "team-tourn"]
[EventRounds "9"]
[EventCountry "DEN"]
[WhiteTeam "Philidor"]
[BlackTeam "AarhusSkolerne"]
[WhiteTeamCountry "DEN"]
[BlackTeamCountry "DEN"]

1. e4 c5 2. Nf3 Nc6 3. Nc3 e5 4. Bc4 Be7 5. d3 Nf6 6. Nd2 d6 7. Nf1 Bg4 8. f3
Be6 9. Ne3 O-O 10. Ncd5 a6 11. O-O b5 12. Nxf6+ Bxf6 13. Bd5 Qd7 14. Bxc6 Qxc6
15. c4 Rab8 16. b3 b4 17. Ng4 Be7 18. f4 exf4 19. Bxf4 f5 20. exf5 Bxf5 21. Ne3
Be6 22. Qf3 Qxf3 23. Rxf3 g5 24. Bg3 Rxf3 25. gxf3 h5 26. Re1 h4 27. Nd5 Kf7
28. Bf2 Bd8 29. d4 cxd4 30. Bxd4 Bxd5 31. cxd5 Rb5 32. Rc1 Rxd5 33. Be3 Ke6 34.
Kf2 Bf6 35. Rc6 Ra5 36. Rc2 Kf5 37. h3 Be5 38. Ke2 Bc3 39. Kd3 Rd5+ 40. Kc4 Rd1
41. Rg2 d5+ 42. Kc5 d4 43. Rxg5+ Kf6 44. Bf4 Rf1 45. Rd5 Rxf3 46. Be5+ Ke6 47.
Bxd4 Rxh3 48. Rd6+ Ke7 49. Rxa6 Rg3 50. Bf2 Rg5+ 51. Kc4 Rg4+ 52. Kd5 h3 53.
Rh6 Rg5+ 54. Kc4 Rg4+ 55. Kd3 Rg2 56. Bc5+ Kd7 57. Rxh3 Rxa2 58. Kc4 Rg2 59.
Rh7+ Kc6 60. Rh6+ Kc7 61. Kb5 Rg5 62. Rh7+ Rg7 63. Rh5 Kb7 64. Rf5 Rh7 65. Rf8
Rd7 66. Re8 Rf7 67. Re2 Rd7 68. Ra2 Kb8 69. Ra6 Rb7+ 70. Kc4 Rh7 71. Re6 Kb7
72. Rb6+ Kc8 73. Kd5 Kc7 74. Rc6+ Kb7 75. Rb6+ Kc7 76. Ra6 Rh5+ 77. Kc4 Be1 78.
Re6 Bc3 79. Rg6 Rf5 80. Rg4 Kc6 81. Rg6+ Rf6 82. Rg4 Rf5 83. Be7 Bd2 84. Rg6+
Kb7 85. Bc5 Rg5 86. Rd6 Bc3 87. Kb5 Rg7 88. Ra6 Kb8 89. Bd6+ Kb7 90. Rb6+ Ka7
91. Kc6 Rg6 92. Rb5 Ka6 93. Rf5 Rf6 94. Rg5 Rh6 95. Rg8 Rh8 96. Rg2 Rh5 97.
Ra2+ Ra5 98. Rh2 Be5 99. Bxe5 Rxe5 100. Rh4 Ka5 101. Rh8 Re6+ 102. Kc5 Re5+
103. Kd4 Rg5 104. Ra8+ Kb5 105. Rb8+ Ka5 106. Ra8+ 1/2-1/2

[Event "Xtracon Skakligaen"]
[Site "Denmark"]
[Date "2015.12.06"]
[Round "3.1"]
[White "Hansen, Mads Smith"]
[Black "Bromann, Thorbjorn"]
[Result "1/2-1/2"]
[WhiteElo "2356"]
[BlackElo "2453"]
[PlyCount "24"]
[EventDate "2015.10.31"]
[EventType "team-tourn"]
[EventRounds "9"]
[EventCountry "DEN"]
[WhiteTeam "Obro"]
[BlackTeam "Bronshoj"]
[WhiteTeamCountry "DEN"]
[BlackTeamCountry "DEN"]

1. c4 g6 2. Nc3 Bg7 3. d4 d6 4. Nf3 Bg4 5. g3 Bxf3 6. exf3 c6 7. Qb3 Qc7 8. Be3
Nh6 9. Bh3 O-O 10. O-O Nd7 11. Rfe1 e6 12. d5 Nf5 1/2-1/2

[Event "Xtracon Skakligaen"]
[Site "Denmark"]
[Date "2015.12.06"]
[Round "3.2"]
[White "Aabling Thomsen, Jakob"]
[Black "Rasmussen, Casper Dahl"]
[Result "1-0"]
[WhiteElo "2341"]
[BlackElo "2314"]
[PlyCount "109"]
[EventDate "2015.10.31"]
[EventType "team-tourn"]
[EventRounds "9"]
[EventCountry "DEN"]
[WhiteTeam "Bronshoj"]
[BlackTeam "Obro"]
[WhiteTeamCountry "DEN"]
[BlackTeamCountry "DEN"]

1. Nf3 Nf6 2. g3 b6 3. Bg2 Bb7 4. O-O c5 5. d3 g6 6. e4 d6 7. Nh4 Bg7 8. e5
Bxg2 9. exf6 Bxf1 10. fxg7 Rg8 11. Qxf1 Rxg7 12. Qg2 Nd7 13. Nc3 Rc8 14. Bh6
Rg8 15. Re1 Nf6 16. Qf3 Kd7 17. Bg5 Re8 18. Nb5 Rb8 19. Bxf6 exf6 20. Rxe8 Kxe8
21. Qc6+ Qd7 22. Nxd6+ Ke7 23. Qxd7+ Kxd7 24. Ne4 Ke6 25. Ng2 c4 26. dxc4 Rd8
27. Ne3 Ke5 28. Nc3 f5 29. Ned5 Kd4 30. b3 a6 31. a4 Rd6 32. h4 h6 33. Kg2 g5
34. hxg5 hxg5 35. Kf3 Rh6 36. Ne2+ Kc5 37. Nc7 a5 38. Nd5 Re6 39. Ne3 f6 40.
Nc1 Kb4 41. Nxf5 Kc3 42. Ne3 Kd2 43. Nd3 f5 44. c5 bxc5 45. Nxc5 Rf6 46. Nb7 f4
47. gxf4 gxf4 48. Nd5 Rf7 49. Nxa5 Kxc2 50. b4 Kd3 51. Nc6 Rf8 52. Nb6 Rf6 53.
b5 Rf5 54. a5 Rxb5 55. a6 1-0

[Event "Xtracon Skakligaen"]
[Site "Denmark"]
[Date "2015.12.06"]
[Round "3.3"]
[White "Jorgensen, Dennis"]
[Black "Hoi, Carsten"]
[Result "0-1"]
[WhiteElo "2237"]
[BlackElo "2377"]
[PlyCount "40"]
[EventDate "2015.10.31"]
[EventType "team-tourn"]
[EventRounds "9"]
[EventCountry "DEN"]
[WhiteTeam "Obro"]
[BlackTeam "Bronshoj"]
[WhiteTeamCountry "DEN"]
[BlackTeamCountry "DEN"]

1. d4 d5 2. c4 dxc4 3. Nf3 Nf6 4. e3 Bg4 5. Bxc4 e6 6. Nc3 a6 7. h3 Bh5 8. Be2
Nc6 9. O-O Bd6 10. b3 Qe7 11. Bb2 Rd8 12. Qc1 O-O 13. Na4 Ne4 14. Re1 f5 15.
Ne5 Qh4 16. Nd3 Nb4 17. f4 Bxe2 18. Nxb4 Qf2+ 19. Kh1 Bf3 20. Rg1 Qg3 0-1

[Event "Xtracon Skakligaen"]
[Site "Denmark"]
[Date "2015.12.06"]
[Round "3.4"]
[White "Carstensen, Jacob"]
[Black "Larsen, Karsten"]
[Result "1-0"]
[WhiteElo "2352"]
[BlackElo "2252"]
[PlyCount "147"]
[EventDate "2015.10.31"]
[EventType "team-tourn"]
[EventRounds "9"]
[EventCountry "DEN"]
[WhiteTeam "Bronshoj"]
[BlackTeam "Obro"]
[WhiteTeamCountry "DEN"]
[BlackTeamCountry "DEN"]

1. Nf3 Nf6 2. c4 e6 3. g3 d5 4. Bg2 d4 5. O-O c5 6. e3 Nc6 7. d3 Be7 8. exd4
cxd4 9. Na3 O-O 10. Nc2 a5 11. Re1 Re8 12. b3 Bc5 13. Ba3 Bxa3 14. Nxa3 e5 15.
Nb5 Bf5 16. c5 Re7 17. Nd6 Qd7 18. Qd2 h6 19. Rad1 Bh3 20. Bh1 Bg4 21. Rc1 Bf5
22. Nh4 Bh7 23. Nc4 Qc7 24. Nb6 Rd8 25. Be4 Ree8 26. a3 Nxe4 27. dxe4 f5 28.
exf5 e4 29. Nc4 Ne5 30. Nd6 Nd3 31. Nxe8 Rxe8 32. Rxe4 Rxe4 33. Qxd3 Qe5 34.
Qc4+ Kf8 35. Ng6+ Bxg6 36. fxg6 Re1+ 37. Rxe1 Qxe1+ 38. Kg2 Qe4+ 39. Kf1 Qxg6
40. Qxd4 Qb1+ 41. Ke2 Qc2+ 42. Kf1 Qxb3 43. a4 Qb1+ 44. Ke2 Qc2+ 45. Kf3 Qb3+
46. Kg2 Qb4 47. Qd6+ Kf7 48. Qd5+ Kf8 49. h4 Ke7 50. Qe5+ Kf8 51. Kh3 Kg8 52.
f3 Kf8 53. g4 Kf7 54. Qc7+ Kg8 55. g5 hxg5 56. hxg5 Qb1 57. Qe5 Qf1+ 58. Kg3
Qg1+ 59. Kf4 Qc1+ 60. Kf5 Qc2+ 61. Ke6 Qxa4 62. Qb8+ Kh7 63. Qxb7 Qa2+ 64. Qd5
Qe2+ 65. Kd7 Qb5+ 66. Kc7 a4 67. Qe4+ Kg8 68. c6 Qa5+ 69. Kd7 a3 70. g6 Qd2+
71. Kc8 Qd6 72. Qe8+ Qf8 73. Qxf8+ Kxf8 74. Kd7 1-0

[Event "Xtracon Skakligaen"]
[Site "Denmark"]
[Date "2015.12.06"]
[Round "3.6"]
[White "Laursen, Niels Norskov"]
[Black "Skousen, Nikolai"]
[Result "1/2-1/2"]
[WhiteElo "2316"]
[BlackElo "2225"]
[PlyCount "61"]
[EventDate "2015.10.31"]
[EventType "team-tourn"]
[EventRounds "9"]
[EventCountry "DEN"]
[WhiteTeam "Bronshoj"]
[BlackTeam "Obro"]
[WhiteTeamCountry "DEN"]
[BlackTeamCountry "DEN"]

1. e4 c5 2. Nf3 Nc6 3. d4 cxd4 4. Nxd4 g6 5. Nc3 Bg7 6. Be3 Nf6 7. Bc4 O-O 8.
Bb3 e6 9. O-O d5 10. exd5 exd5 11. h3 Re8 12. Re1 Be6 13. Qd2 Qd7 14. Kh2 Rad8
15. Rad1 Nxd4 16. Bxd4 Ne4 17. Qf4 Bxd4 18. Rxd4 Nxc3 19. bxc3 Qc6 20. Re3 Kg7
21. h4 h5 22. Rg3 b5 23. a4 a6 24. axb5 axb5 25. Qe5+ Kh7 26. Qf6 Qc7 27. Qg5
Qe7 28. Qf4 Qd6 29. Qg5 Qe7 30. Qf4 Qd6 31. Qg5 1/2-1/2

[Event "Xtracon Skakligaen"]
[Site "Denmark"]
[Date "2015.12.06"]
[Round "3.7"]
[White "Schou Moldt, Thomas"]
[Black "Furrer, Christian"]
[Result "0-1"]
[WhiteElo "2144"]
[BlackElo "2176"]
[PlyCount "106"]
[EventDate "2015.10.31"]
[EventType "team-tourn"]
[EventRounds "9"]
[EventCountry "DEN"]
[WhiteTeam "Obro"]
[BlackTeam "Bronshoj"]
[WhiteTeamCountry "DEN"]
[BlackTeamCountry "DEN"]

1. d4 Nf6 2. Nf3 g6 3. g3 Bg7 4. Bg2 O-O 5. O-O d5 6. c4 c6 7. Nc3 dxc4 8. e3
Nbd7 9. a4 a5 10. Qe2 Nb6 11. e4 Bg4 12. Be3 Ra6 13. h3 Bxf3 14. Bxf3 e5 15.
dxe5 Nfd7 16. e6 fxe6 17. Bg4 Qe7 18. Bxb6 Rxb6 19. Qxc4 Ne5 20. Qxe6+ Qxe6 21.
Bxe6+ Kh8 22. f4 Nd3 23. e5 g5 24. fxg5 Nxe5 25. Rxf8+ Bxf8 26. b3 Nf3+ 27. Kg2
Nxg5 28. Bc4 Bg7 29. Rc1 Bxc3 30. Rxc3 Ne4 31. Rd3 Nc5 32. Re3 Rb4 33. h4 b5
34. axb5 cxb5 35. Bf7 Kg7 36. Re7 Kf6 37. Ra7 Nxb3 38. Bg8 a4 39. Bxh7 Nc5 40.
Kh3 Rb3 41. h5 Kg5 42. Bc2 Rc3 43. Bg6 b4 44. Be8 a3 45. Rg7+ Kh6 46. Rg6+ Kh7
47. Bf7 b3 48. Rb6 a2 49. Bg6+ Kg7 50. Bf5 a1=Q 51. h6+ Kf7 52. h7 Qh1+ 53. Kg4
Qf3+ 0-1

[Event "Xtracon Skakligaen"]
[Site "Denmark"]
[Date "2016.01.09"]
[Round "4.1"]
[White "Schandorff, Lars"]
[Black "Jahncke, Giso"]
[Result "1/2-1/2"]
[WhiteElo "2519"]
[BlackElo "2285"]
[PlyCount "67"]
[EventDate "2015.10.31"]
[EventType "team-tourn"]
[EventRounds "9"]
[EventCountry "DEN"]
[WhiteTeam "Hillerod"]
[BlackTeam "Bov"]
[WhiteTeamCountry "DEN"]
[BlackTeamCountry "DEN"]

1. d4 d5 2. c4 c6 3. Nf3 Nf6 4. e3 Bg4 5. h3 Bh5 6. g4 Bg6 7. Ne5 Nbd7 8. Nxg6
hxg6 9. g5 Ne4 10. Qb3 Rb8 11. cxd5 Qa5+ 12. Nc3 Nxc3 13. bxc3 Qxd5 14. Qxd5
cxd5 15. Bg2 e6 16. e4 dxe4 17. Bxe4 Bd6 18. Rb1 Nb6 19. Ke2 Kd7 20. Kd3 Nd5
21. c4 Nf4+ 22. Kc2 b6 23. c5 bxc5 24. dxc5 Rxb1 25. Kxb1 Rb8+ 26. Kc2 Rc8 27.
c6+ Kc7 28. Be3 Nd5 29. Bxd5 exd5 30. Kd3 Rb8 31. Bd4 Kxc6 32. Rc1+ Kd7 33.
Bxg7 Rb4 34. Bd4 1/2-1/2

[Event "Xtracon Skakligaen"]
[Site "Denmark"]
[Date "2016.01.09"]
[Round "4.2"]
[White "Schwarz, Frank"]
[Black "Borge, Nikolaj"]
[Result "1-0"]
[WhiteElo "2258"]
[BlackElo "2379"]
[PlyCount "49"]
[EventDate "2015.10.31"]
[EventType "team-tourn"]
[EventRounds "9"]
[EventCountry "DEN"]
[WhiteTeam "Bov"]
[BlackTeam "Hillerod"]
[WhiteTeamCountry "DEN"]
[BlackTeamCountry "DEN"]

1. c4 e5 2. g3 d6 3. Bg2 g6 4. Nc3 Nc6 5. e3 Be6 6. b3 Bg7 7. Bb2 Nge7 8. Nge2
Qd7 9. h4 d5 10. cxd5 Nxd5 11. Ne4 Qe7 12. a3 f5 13. Ng5 Bg8 14. Rc1 a5 15. e4
fxe4 16. Nxe4 Nd4 17. Nxd4 exd4 18. O-O O-O-O 19. Re1 c6 20. Nc5 Qf6 21. b4 Qf5
22. Qa4 Kb8 23. Nxb7 Kxb7 24. Qxc6+ Kb8 25. Rc5 1-0

[Event "Xtracon Skakligaen"]
[Site "Denmark"]
[Date "2016.01.09"]
[Round "4.3"]
[White "Percivaldi, Martin"]
[Black "Reinecker, Kai"]
[Result "1-0"]
[WhiteElo "2246"]
[BlackElo "2246"]
[PlyCount "51"]
[EventDate "2015.10.31"]
[EventType "team-tourn"]
[EventRounds "9"]
[EventCountry "DEN"]
[WhiteTeam "Hillerod"]
[BlackTeam "Bov"]
[WhiteTeamCountry "DEN"]
[BlackTeamCountry "DEN"]

1. d4 Nf6 2. c4 e6 3. g3 d5 4. Nf3 dxc4 5. Bg2 Bb4+ 6. Nbd2 b5 7. a4 c3 8. bxc3
Bxc3 9. Rb1 b4 10. O-O O-O 11. Ne5 Nd5 12. Ne4 f6 13. Nd3 Nc6 14. e3 Rb8 15.
Qc2 Nce7 16. Nxc3 Nxc3 17. Rxb4 Rxb4 18. Nxb4 Ncd5 19. Ba3 Rf7 20. Nd3 Nf5 21.
Rb1 Rd7 22. Qc6 Kf7 23. Bxd5 Rxd5 24. Rb8 Qd7 25. Qxd7+ Bxd7 26. Rf8+ 1-0

[Event "Xtracon Skakligaen"]
[Site "Denmark"]
[Date "2016.01.09"]
[Round "4.4"]
[White "Kevorkov, Artur"]
[Black "Jaksland, Tim"]
[Result "1-0"]
[WhiteElo "2228"]
[BlackElo "2284"]
[PlyCount "157"]
[EventDate "2015.10.31"]
[EventType "team-tourn"]
[EventRounds "9"]
[EventCountry "DEN"]
[WhiteTeam "Bov"]
[BlackTeam "Hillerod"]
[WhiteTeamCountry "DEN"]
[BlackTeamCountry "DEN"]

1. e4 c5 2. c3 d5 3. exd5 Nf6 4. d4 Nxd5 5. Nf3 e6 6. Be2 cxd4 7. Nxd4 Be7 8.
O-O O-O 9. Qb3 Qb6 10. Bf3 Rd8 11. Na3 Nc6 12. Qxb6 axb6 13. Nab5 Bf6 14. Rd1
Nxd4 15. Nxd4 Bd7 16. Bxd5 exd5 17. Bf4 b5 18. Nc2 Bc6 19. Rd2 h6 20. a3 Ra4
21. Be3 Re4 22. Rad1 Rde8 23. Nb4 Bg5 24. Nxd5 Bxd5 25. Rxd5 Bxe3 26. fxe3 Rxe3
27. R1d2 R8e6 28. Rxb5 Rf6 29. h3 b6 30. Rbd5 Ree6 31. a4 Kh7 32. b4 Re1+ 33.
Kh2 Rc1 34. Rd6 Rxc3 35. Rxf6 gxf6 36. Rd6 b5 37. axb5 Rc4 38. Rxf6 Kg7 39. Rb6
Rxb4 40. Kg3 h5 41. Rb8 h4+ 42. Kf3 Rb3+ 43. Kg4 Rg3+ 44. Kxh4 Rxg2 45. Rc8 Rb2
46. Rc5 Rb3 47. Kg4 Kg6 48. Rg5+ Kf6 49. h4 Rb4+ 50. Kh5 Ke6 51. Rc5 Kd6 52.
Rf5 Ke6 53. Kg5 Rb1 54. Rf6+ Ke7 55. Rb6 Rg1+ 56. Kf4 Rf1+ 57. Kg3 Rg1+ 58. Kh2
Rb1 59. h5 Kf8 60. h6 Kg8 61. Kg3 Rb4 62. Kf3 Kh7 63. Ke3 Rb1 64. Ke4 Re1+ 65.
Kf5 Rh1 66. Ke5 Rh5+ 67. Kd4 f6 68. Rb8 Rxh6 69. b6 Rh1 70. Kd5 Kg7 71. Rc8
Rd1+ 72. Kc6 Rc1+ 73. Kd7 Rd1+ 74. Kc7 Rc1+ 75. Kb8 Rb1 76. b7 Kg6 77. Kc7 Rc1+
78. Kd6 Rd1+ 79. Ke6 1-0

[Event "Xtracon Skakligaen"]
[Site "Denmark"]
[Date "2016.01.09"]
[Round "4.5"]
[White "Stojanovski, Sandi"]
[Black "Schutte, Andreas"]
[Result "1/2-1/2"]
[WhiteElo "2250"]
[BlackElo "2182"]
[PlyCount "47"]
[EventDate "2015.10.31"]
[EventType "team-tourn"]
[EventRounds "9"]
[EventCountry "DEN"]
[WhiteTeam "Hillerod"]
[BlackTeam "Bov"]
[WhiteTeamCountry "DEN"]
[BlackTeamCountry "DEN"]

1. Nf3 d5 2. b3 e6 3. Bb2 Nf6 4. d4 Bb4+ 5. c3 Bd6 6. Nbd2 O-O 7. e3 Nc6 8. c4
Ne4 9. Nxe4 dxe4 10. Nd2 f5 11. Be2 Qg5 12. g3 Qh6 13. O-O Bd7 14. a3 Nd8 15.
c5 Be7 16. Nc4 Bf6 17. f4 exf3 18. Bxf3 Bc6 19. Bxc6 Nxc6 20. Qf3 Ne7 21. e4
Nc6 22. e5 Be7 23. d5 exd5 24. Qxd5+ 1/2-1/2

[Event "Xtracon Skakligaen"]
[Site "Denmark"]
[Date "2016.01.09"]
[Round "4.6"]
[White "Klawitter, Harald"]
[Black "Ostergaard, Jens"]
[Result "1/2-1/2"]
[WhiteElo "2120"]
[BlackElo "2254"]
[PlyCount "60"]
[EventDate "2015.10.31"]
[EventType "team-tourn"]
[EventRounds "9"]
[EventCountry "DEN"]
[WhiteTeam "Bov"]
[BlackTeam "Hillerod"]
[WhiteTeamCountry "DEN"]
[BlackTeamCountry "DEN"]

1. c4 Nf6 2. g3 c5 3. Bg2 Nc6 4. Nc3 g6 5. a3 Bg7 6. Rb1 a5 7. Nf3 d6 8. O-O
O-O 9. d3 Bf5 10. h3 e5 11. Ne1 Re8 12. Nc2 Qd7 13. g4 Be6 14. Nd5 Bxd5 15.
cxd5 Na7 16. e4 Nb5 17. Bd2 Qc7 18. a4 Nd4 19. Nxd4 cxd4 20. Qb3 Nd7 21. Rfc1
Nc5 22. Qb5 b6 23. Bf1 Qa7 24. b4 axb4 25. Rxb4 Bf8 26. Ra1 Reb8 27. Rc4 Qa6
28. Qb1 Qa7 29. Rb4 Qc7 30. Be2 Rb7 1/2-1/2

[Event "Xtracon Skakligaen"]
[Site "Denmark"]
[Date "2016.01.09"]
[Round "4.7"]
[White "Nordenbaek, Jan"]
[Black "Kramer, Svend Erik"]
[Result "1/2-1/2"]
[WhiteElo "2196"]
[BlackElo "2048"]
[PlyCount "35"]
[EventDate "2015.10.31"]
[EventType "team-tourn"]
[EventRounds "9"]
[EventCountry "DEN"]
[WhiteTeam "Hillerod"]
[BlackTeam "Bov"]
[WhiteTeamCountry "DEN"]
[BlackTeamCountry "DEN"]

1. e4 Nf6 2. e5 Nd5 3. d4 d6 4. Nf3 Bg4 5. Be2 e6 6. O-O Be7 7. h3 Bh5 8. c4
Nb6 9. exd6 cxd6 10. b3 O-O 11. Bb2 d5 12. c5 N6d7 13. b4 Bf6 14. Re1 b6 15.
Qd2 a5 16. a3 axb4 17. cxb6 Qxb6 18. g4 1/2-1/2

[Event "Xtracon Skakligaen"]
[Site "Denmark"]
[Date "2016.01.09"]
[Round "4.8"]
[White "Lorenzen, Jan Hendrik"]
[Black "Andersen, Ib Hother"]
[Result "1/2-1/2"]
[WhiteElo "2003"]
[BlackElo "2142"]
[PlyCount "45"]
[EventDate "2015.10.31"]
[EventType "team-tourn"]
[EventRounds "9"]
[EventCountry "DEN"]
[WhiteTeam "Bov"]
[BlackTeam "Hillerod"]
[WhiteTeamCountry "DEN"]
[BlackTeamCountry "DEN"]

1. d4 Nf6 2. Nf3 e6 3. g3 c5 4. c3 b6 5. Bg2 Bb7 6. O-O d6 7. b4 Nbd7 8. Nbd2
Qc7 9. bxc5 bxc5 10. a4 Be7 11. Re1 O-O 12. e4 e5 13. d5 Ba6 14. c4 Rab8 15.
Qc2 g6 16. Nf1 Rb4 17. Ne3 Rfb8 18. Ba3 R4b7 19. Nd2 Nh5 20. Bf3 Ndf6 21. Nb1
Qa5 22. Nc3 Qd8 23. Reb1 1/2-1/2

[Event "Xtracon Skakligaen"]
[Site "Denmark"]
[Date "2016.01.09"]
[Round "4.1"]
[White "Hillarp Persson, Tiger"]
[Black "Pedersen, Christian Kyndel"]
[Result "1/2-1/2"]
[WhiteElo "2546"]
[BlackElo "2418"]
[PlyCount "114"]
[EventDate "2015.10.31"]
[EventType "team-tourn"]
[EventRounds "9"]
[EventCountry "DEN"]
[WhiteTeam "Bronshoj"]
[BlackTeam "Jetsmark"]
[WhiteTeamCountry "DEN"]
[BlackTeamCountry "DEN"]

1. d4 Nf6 2. c4 e6 3. Nc3 Bb4 4. e3 O-O 5. Bd3 d5 6. Nf3 c5 7. O-O dxc4 8. Bxc4
cxd4 9. exd4 Bxc3 10. bxc3 Qc7 11. Bb3 Nbd7 12. c4 b6 13. Bg5 Bb7 14. Re1 Rfe8
15. Rc1 h6 16. Bh4 Rac8 17. Bg3 Qd8 18. Nd2 Nf8 19. Nf1 Ng6 20. Ba4 Bc6 21. Bc2
Nf8 22. Bh4 b5 23. c5 N8d7 24. Ne3 Qc7 25. Bg3 Qb7 26. f3 Rcd8 27. Bd6 Nd5 28.
Nxd5 Bxd5 29. Qd3 g6 30. Rb1 a6 31. a4 b4 32. Qd2 b3 33. Qxh6 Qb4 34. Qe3 e5
35. dxe5 Nxe5 36. Bxe5 Rxe5 37. Qxe5 Qxc5+ 38. Qe3 Qxe3+ 39. Rxe3 bxc2 40. Rc1
Bb3 41. Rxb3 Rd1+ 42. Kf2 Rxc1 43. Rc3 Kg7 44. h4 Rh1 45. Rxc2 Rxh4 46. a5 Rh5
47. Ra2 Kf6 48. Ke3 Rd5 49. Ke4 Re5+ 50. Kd4 Kf5 51. Ra4 f6 52. Kd3 g5 53. g3
Rb5 54. g4+ Kg6 55. Ke3 f5 56. gxf5+ Kxf5 57. Kf2 Rc5 1/2-1/2

[Event "Xtracon Skakligaen"]
[Site "Denmark"]
[Date "2016.01.09"]
[Round "4.2"]
[White "Jensen, Bjarke"]
[Black "Bromann, Thorbjorn"]
[Result "1/2-1/2"]
[WhiteElo "2366"]
[BlackElo "2453"]
[PlyCount "36"]
[EventDate "2015.10.31"]
[EventType "team-tourn"]
[EventRounds "9"]
[EventCountry "DEN"]
[WhiteTeam "Jetsmark"]
[BlackTeam "Bronshoj"]
[WhiteTeamCountry "DEN"]
[BlackTeamCountry "DEN"]

1. e4 e6 2. d4 d5 3. Nc3 Nf6 4. e5 Nfd7 5. f4 c5 6. Nf3 Nc6 7. Be3 a6 8. Qd2 b5
9. dxc5 Bxc5 10. Bd3 Qb6 11. Bf2 b4 12. Na4 Bxf2+ 13. Qxf2 Qxf2+ 14. Kxf2 a5
15. Bb5 Na7 16. Bd3 Nc6 17. Bb5 Na7 18. Bd3 Nc6 1/2-1/2

[Event "Xtracon Skakligaen"]
[Site "Denmark"]
[Date "2016.01.09"]
[Round "4.3"]
[White "Aabling Thomsen, Jakob"]
[Black "Thybo, Jesper Sondergaard"]
[Result "1/2-1/2"]
[WhiteElo "2341"]
[BlackElo "2289"]
[PlyCount "50"]
[EventDate "2015.10.31"]
[EventType "team-tourn"]
[EventRounds "9"]
[EventCountry "DEN"]
[WhiteTeam "Bronshoj"]
[BlackTeam "Jetsmark"]
[WhiteTeamCountry "DEN"]
[BlackTeamCountry "DEN"]

1. Nf3 d5 2. g3 Nf6 3. Bg2 g6 4. c4 c6 5. Qa4 Bg7 6. cxd5 Nxd5 7. d4 O-O 8. O-O
Nd7 9. e4 N5b6 10. Qc2 e5 11. dxe5 Nxe5 12. Nxe5 Bxe5 13. Bh6 Re8 14. Nc3 Qe7
15. Kh1 Nc4 16. Rae1 Qb4 17. Bc1 Bg7 18. f4 f5 19. e5 Be6 20. Rd1 Rad8 21. a3
Qb6 22. Na4 Qb5 23. Nc3 Qb6 24. Na4 Qb5 25. Nc3 Qb6 1/2-1/2

[Event "Xtracon Skakligaen"]
[Site "Denmark"]
[Date "2016.01.09"]
[Round "4.4"]
[White "Wiwe, Andreas"]
[Black "Hoi, Carsten"]
[Result "0-1"]
[WhiteElo "2276"]
[BlackElo "2377"]
[PlyCount "86"]
[EventDate "2015.10.31"]
[EventType "team-tourn"]
[EventRounds "9"]
[EventCountry "DEN"]
[WhiteTeam "Jetsmark"]
[BlackTeam "Bronshoj"]
[WhiteTeamCountry "DEN"]
[BlackTeamCountry "DEN"]

1. e4 g6 2. d4 Bg7 3. Nc3 d6 4. Be3 Nd7 5. Qd2 Ngf6 6. Nf3 O-O 7. Bd3 e5 8. h3
exd4 9. Bxd4 Ne5 10. Nxe5 dxe5 11. Be3 c6 12. O-O Be6 13. Rfd1 Qe7 14. Qe2 Nh5
15. Bc4 Nf4 16. Qf1 b5 17. Bxe6 Nxe6 18. a4 a6 19. Ne2 Qb4 20. f3 Qxb2 21. c4
Qb3 22. Qf2 Rfd8 23. Rdb1 Qxc4 24. Rc1 Qb3 25. Rc3 Qb2 26. Rac1 Nd4 27. Nxd4
Qxf2+ 28. Bxf2 exd4 29. Rxc6 bxa4 30. R6c4 a3 31. Ra4 d3 32. Rd1 Bb2 33. Bc5
Rac8 34. Bxa3 Rc2 35. Bxb2 Rxb2 36. Rxa6 Rc8 37. Rd6 Rcc2 38. g4 Rg2+ 39. Kh1
Rh2+ 40. Kg1 Rbg2+ 41. Kf1 d2 42. Rd3 Re2 43. h4 Re1+ 0-1

[Event "Xtracon Skakligaen"]
[Site "Denmark"]
[Date "2016.01.09"]
[Round "4.5"]
[White "Pilgaard, Kim"]
[Black "Christensen, Stefan"]
[Result "1-0"]
[WhiteElo "2383"]
[BlackElo "2266"]
[PlyCount "83"]
[EventDate "2015.10.31"]
[EventType "team-tourn"]
[EventRounds "9"]
[EventCountry "DEN"]
[WhiteTeam "Bronshoj"]
[BlackTeam "Jetsmark"]
[WhiteTeamCountry "DEN"]
[BlackTeamCountry "DEN"]

1. d4 Nf6 2. c4 e6 3. Nc3 Bb4 4. e3 b6 5. Nge2 Ne4 6. Qc2 Nxc3 7. bxc3 Be7 8.
e4 Nc6 9. Ng3 h5 10. Bd3 h4 11. Nf1 Ba6 12. h3 Na5 13. Qe2 d6 14. Be3 Qd7 15.
Nd2 Qa4 16. O-O O-O-O 17. Rfb1 Kb8 18. Rb2 g6 19. Rab1 Rh5 20. Rb4 Qd7 21. Bc2
d5 22. Ra4 dxc4 23. e5 Kc8 24. Rxa5 bxa5 25. Qf3 c6 26. Be4 Rf5 27. Bxc6 Qc7
28. Qe4 Bf8 29. a4 Bg7 30. Nxc4 Bxc4 31. Rb7 Bxe5 32. Rxc7+ Bxc7 33. Qxh4 Bd5
34. Bb5 Rh5 35. Qe7 e5 36. Ba6+ Bb7 37. Be2 exd4 38. Bxd4 Rhd5 39. Qxf7 Rg5 40.
Bg4+ Kb8 41. Bxa7+ Kxa7 42. Qxc7 1-0

[Event "Xtracon Skakligaen"]
[Site "Denmark"]
[Date "2016.01.09"]
[Round "4.6"]
[White "Rosenkilde, Alexander"]
[Black "Palm, Nikolaj"]
[Result "1-0"]
[WhiteElo "2197"]
[BlackElo "2347"]
[PlyCount "42"]
[EventDate "2015.10.31"]
[EventType "team-tourn"]
[EventRounds "9"]
[EventCountry "DEN"]
[WhiteTeam "Jetsmark"]
[BlackTeam "Bronshoj"]
[WhiteTeamCountry "DEN"]
[BlackTeamCountry "DEN"]

1. d4 d5 2. c4 e6 3. Nf3 c6 4. Nc3 Nf6 5. Bg5 Be7 6. e3 O-O 7. Bd3 Nbd7 8. O-O
a6 9. Qe2 dxc4 10. Bxc4 b5 11. Bd3 c5 12. Rac1 Qb6 13. Ne4 cxd4 14. exd4 Bb7
15. Ne5 Rfe8 16. Nxf6+ Nxf6 17. Bxf6 Bxf6 18. Bxh7+ Kh8 19. Qh5 Bxe5 20. Bg6+
Kg8 21. Bxf7+ Kf8 1-0

[Event "Xtracon Skakligaen"]
[Site "Denmark"]
[Date "2016.01.09"]
[Round "4.7"]
[White "Laursen, Niels Norskov"]
[Black "Rathlev, Jakob"]
[Result "1/2-1/2"]
[WhiteElo "2316"]
[BlackElo "2240"]
[PlyCount "32"]
[EventDate "2015.10.31"]
[EventType "team-tourn"]
[EventRounds "9"]
[EventCountry "DEN"]
[WhiteTeam "Bronshoj"]
[BlackTeam "Jetsmark"]
[WhiteTeamCountry "DEN"]
[BlackTeamCountry "DEN"]

1. e4 c6 2. d4 d5 3. exd5 cxd5 4. c4 Nf6 5. Nc3 Nc6 6. Bg5 e6 7. Nf3 Be7 8. Bd3
dxc4 9. Bxc4 O-O 10. O-O b6 11. Qd3 Nb4 12. Qe2 Bb7 13. Rad1 Rc8 14. Ne5 Nbd5
15. Nxd5 Nxd5 16. Bc1 Qc7 1/2-1/2